| 000 | 00687nam a2200253Ia 4500 | ||
|---|---|---|---|
| 001 | 41735 | ||
| 005 | 20240114003436.0 | ||
| 007 | ta | ||
| 008 | 080430s2005 g b000 u asm u | ||
| 020 | _a81-87611-22-7 | ||
| 040 | _aCotton College,Assam | ||
| 041 | _aasm | ||
| 082 |
_a891.41 _bGo 69 Sa |
||
| 100 | _aGoswami, Dinesh Chandra . | ||
| 245 | 0 |
_aSagarar Taliyedi Kuri Hazar League / _cJules Verne`s. _hTextual Documents |
|
| 250 | _a4th ed / | ||
| 260 |
_aGuwahati : _bSaraighat Prakashan , _c2005. |
||
| 300 |
_a236pg ; _c21cm. |
||
| 653 | _aAssamese Essay-Collection | ||
| 653 | _aG-Assamese | ||
| 942 |
_2ddc _cBK |
||
| 999 |
_c41702 _d41702 |
||